Négociations relatives a la succession d'Espagne sous Louis XIV ou correspondances, mémoires, et actes diplomatiques concernant les prétentions et l'avénement de la maison de Bourbon au trone d'Espagne / (Record no. 160601)

MARC details
000 -LEADER
campo de control de longitud fija 01510nam a22002535i 4500
001 - NÚMERO DE CONTROL
campo de control 160601
003 - IDENTIFICADOR DE NÚMERO DE CONTROL
campo de control ES-MaACL
005 - FECHA Y HORA DE LA ÚLTIMA TRANSACCIÓN
campo de control 20230906212102.0
008 - DATOS DE LONGITUD FIJA--INFORMACIÓN GENERAL
campo de control de longitud fija 001030m18351842fr |||| | fre d
040 ## - FUENTE DE CATALOGACIÓN
Centro catalogador/agencia de origen CCPB | B
Lengua de catalogación spa
Centro/agencia transcriptor CCPB | B
080 ## - NÚMERO DE LA CLASIFICACIÓN DECIMAL UNIVERSAL
Número de la Clasificación Decimal Universal 327(460:44)"17"
080 ## - NÚMERO DE LA CLASIFICACIÓN DECIMAL UNIVERSAL
Número de la Clasificación Decimal Universal 327(44:460)"17"
245 00 - MENCIÓN DEL TÍTULO
Título Négociations relatives a la succession d'Espagne sous Louis XIV ou correspondances, mémoires, et actes diplomatiques concernant les prétentions et l'avénement de la maison de Bourbon au trone d'Espagne /
Mención de responsabilidad, etc. accompagnés d'un texte historique et précédés d'une introduction par M.Mignet.
260 ## - PUBLICACIÓN, DISTRIBUCIÓN, ETC.
Lugar de publicación, distribución, etc. Paris :
Nombre del editor, distribuidor, etc. Imprimerie Royale,
Fecha de publicación, distribución, etc. 1835-1842.
300 ## - DESCRIPCIÓN FÍSICA
Extensión 2 v. ;
Dimensiones 26 cm.
490 1# - MENCIÓN DE SERIE
Mención de serie Collection de documents inédits sur l'histoire de France. Première serie. Histoire politique
651 #4 - PUNTO DE ACCESO ADICIONAL DE MATERIA--NOMBRE GEOGRÁFICO
Nombre geográfico Francia-
Subdivisión general Relaciones-
Subdivisión geográfica España-
Subdivisión de forma Historia.
9 (RLIN) 8716
651 #4 - PUNTO DE ACCESO ADICIONAL DE MATERIA--NOMBRE GEOGRÁFICO
Nombre geográfico España-
Subdivisión general Relaciones-
Subdivisión geográfica Francia-
Subdivisión de forma Historia.
9 (RLIN) 8464
700 1# - ENTRADA AGREGADA--NOMBRE PERSONAL
Nombre de persona Mignet, François- Auguste- Alexis.
9 (RLIN) 129909
740 0# - ENTRADA AGREGADA--TÍTULO RELACIONADO/ANALÍTICO NO CONTROLADO
Título relacionado o analítico no controlado Correspondances, mémoires et actes diplomatiques concernant les prétentions et l'avénement de la maison de Bourbon au trone d'Espagne.
830 0# - PUNTO DE ACCESO ADICIONAL DE SERIE-TÍTULO UNIFORME
Título uniforme Collection de documents inédits sur l'histoire de France. Première serie. Histoire politique
9 (RLIN) 222059
852 ## - LOCALIZACIÓN
Ubicación ES-MaACL
Número de control de estantería G-5989-90
Nota libre -- Enc. hol.
condición física -- Sólo T. I (XCIX, 552 p.) y T. II (650 p.)
Encuadernación -- Edic.: añadir T440 (Collection de documents inédits sur l'histoire de France. Première série : histoire politique)
Holdings
Estatus retirado Estado de pérdida Estado de daño No para préstamo Colección Biblioteca de origen Biblioteca actual Ubicación en estantería Fecha de adquisición Total de préstamos Signatura topográfica completa Código de barras Visto por última vez Precio de reemplazo Tipo de ítem Koha
        Libros del s. XIX Biblioteca del Ateneo de Madrid Biblioteca del Ateneo de Madrid Depósito 2 17/01/2008   G-5989-90 1168162 23/02/2023 23/02/2023 Libro impreso antiguo